000 00773nam a2200241Ia 4500
003 OSt
005 20221005133614.0
006 a|||||r|||| 00| 0
007 ta
008 221004b |||||||| |||| 00| 0 san d
024 _a106768
037 _cTextual
040 _aCRL
_cCRL
_bsan
041 _2san
_asan
082 _aO15,1A2, 152M5.1-.11
100 _aसातवलेकर, दामोदर, संपा.
245 0 _aमहाभारत
_b विराटपर्व
246 _aMahābhārata: virāṭaparva
260 _c1985
650 _aसंस्कृत साहित्य
942 _hO15,1A2, 152M5.1-.11
_cTEXL
_2cc
999 _c1067332
_d1067332